000 00309nam a2200133 i 4500
001 bg
100 1 _aLINCZOWSKI, Cz.
245 0 _aTechnologia robót budowlanych /
_cCz. Linczowski.
260 _aKielce,
_c1991.
040 _cBPK
041 _apol
942 _cKS
008 s pl f |000 0 pol
999 _c4589
_d4589
856 _uhttp://koha.tu.koszalin.pl/cgi-bin/koha/opac-detail.pl?biblionumber=4589
_yKatalog online BPK